Statistics for Sean Penn Movies

Click here to take the quiz!

General Stats

  • This quiz has been taken 1,166 times
  • The average score is 7 of 40

Answer Stats

YearMovie% Correct
2008Milk
78%
2003Mystic River
67%
2001I Am Sam
59%
1982Fast Times at Ridgemont High
53%
1995Dead Man Walking
40%
2013Gangster Squad
32%
200321 Grams
22%
1993Carlito's Way
22%
1998The Thin Red Line
22%
1986Shanghai Surprise
21%
1988Colors
20%
1983Bad Boys
19%
1997The Game
19%
1989Casualties of War
18%
1981Taps
18%
2011The Tree of Life
17%
1985The Falcon and the Snowman
16%
1999Sweet and Lowdown
15%
2006All the King's Men
14%
2005The Interpreter
14%
1986At Close Range
13%
1997She's So Lovely
12%
1989We're No Angels
12%
2004The Assassination of Richard Nixon
11%
1997U Turn
11%
1998Hurlyburly
10%
1990State of Grace
10%
2011This Must Be the Place
10%
2010Fair Game
9%
1984Racing with the Moon
8%
2000Before Night Falls
6%
1984Crackers
6%
1997Hugo Pool
6%
2003It's All About Love
6%
2007Persepolis
6%
2000The Weight of Water
6%
1988Judgment in Berlin
5%
1997Loved
5%
2000Up at the Villa
5%
1983Summerspell
4%

Score Distribution

Percentile by Number Answered

Percent of People with Each Score

Your Score History

You have not taken this quiz